Bulletin of research reports on environmental and agricultural sciences ( 1999 - 2001 ) Can Tho university, JICA
Đã lưu trong:
| 企业作者: | |
|---|---|
| 格式: | 图书 |
| 语言: | Undetermined |
| 出版: |
Cần Thơ
CTU/JICA
2001
|
| 主题: | |
| 标签: |
添加标签
没有标签, 成为第一个标记此记录!
|
| Thư viện lưu trữ: | Trung tâm Học liệu Trường Đại học Cần Thơ |
|---|
| LEADER | 00592nam a2200193Ia 4500 | ||
|---|---|---|---|
| 001 | CTU_50446 | ||
| 008 | 210402s9999 xx 000 0 und d | ||
| 082 | |a 630.72 | ||
| 082 | |b C212 | ||
| 110 | |a Can Tho university | ||
| 245 | 0 | |a Bulletin of research reports on environmental and agricultural sciences ( 1999 - 2001 ) | |
| 245 | 0 | |b Can Tho university, JICA | |
| 260 | |a Cần Thơ | ||
| 260 | |b CTU/JICA | ||
| 260 | |c 2001 | ||
| 650 | |a Agriculture,Agriculture | ||
| 650 | |x Research,Environmental aspects | ||
| 904 | |i Minh | ||
| 980 | |a Trung tâm Học liệu Trường Đại học Cần Thơ | ||